[Event "Euskadi ch 2017"]
[Site "Zornotza"]
[Date "2017.04.17"]
[Round "1.1"]
[White "Gonzalez Martinez, Miguel Ange"]
[Black "Del Rio De Angelis, Salvador G"]
[Result "0-1"]
[WhiteElo "2115"]
[BlackElo "2524"]
[PlyCount "90"]
[EventDate "2017.04.17"]
[EventType "swiss"]
[EventRounds "7"]
[EventCountry "ESP"]
[SourceTitle "Ajedrez en Madrid"]
[Source "lmi"]
[SourceDate "2017.04.17"]

1. d4 d6 2. Bf4 Nd7 3. Nf3 g6 4. e3 Bg7 5. h3 e5 6. Bh2 Nh6 7. Be2 O-O 8. O-O
f5 9. dxe5 dxe5 10. Qd5+ Nf7 11. Nc3 Qe7 12. Qd2 c6 13. Bc4 Nb6 14. Bb3 Be6 15.
Qe2 Nd6 16. Bxe6+ Qxe6 17. Rad1 Nf7 18. a4 a5 19. b3 g5 20. e4 f4 21. Ne1 Nd7
22. Qg4 Nc5 23. Qxe6 Nxe6 24. Ne2 Nc5 25. Nc3 Rfd8 26. Nf3 h6 27. g4 Nd6 28.
Rfe1 Kf7 29. h4 gxh4 30. Nxh4 Bf6 31. Nf5 Nxf5 32. gxf5 Rg8+ 33. Kh1 Bh4 34.
Re2 Rg5 35. Rg1 Rh5 36. Rg4 Rd8 37. Kg2 Na6 38. Rg6 Be7 39. Bg1 Bb4 40. Na2 Rd1
41. c3 Be7 42. Rb2 Nc5 43. f3 Nd3 44. Re2 Bc5 45. Bxc5 Nxc5 0-1

[Event "Euskadi ch 2017"]
[Site "Zornotza"]
[Date "2017.04.17"]
[Round "1.2"]
[White "Huerga Leache, Mikel"]
[Black "Perez Fernandez, Modesto"]
[Result "0-1"]
[WhiteElo "2449"]
[BlackElo "2114"]
[PlyCount "90"]
[EventDate "2017.04.17"]
[EventType "swiss"]
[EventRounds "7"]
[EventCountry "ESP"]
[SourceTitle "Ajedrez en Madrid"]
[Source "lmi"]
[SourceDate "2017.04.17"]

1. Nf3 d5 2. c4 d4 3. b4 f6 4. Na3 e5 5. Nc2 c5 6. bxc5 Bxc5 7. d3 Nc6 8. g3
Nge7 9. Bg2 O-O 10. O-O Bg4 11. h3 Bh5 12. Nd2 f5 13. Nb3 Bd6 14. Qe1 Qd7 15.
f4 Rae8 16. Qf2 Ng6 17. e3 exf4 18. gxf4 dxe3 19. Bxe3 Bxf4 20. Bxf4 Re2 21.
Bd5+ Kh8 22. Qg3 Rxc2 23. Nc5 Nxf4 24. Rxf4 Qe7 25. Ne6 Rf6 26. Kh1 Rxe6 27.
Bxe6 Qxe6 28. Rg1 g6 29. d4 Qe7 30. d5 Ne5 31. Re1 Re2 32. Qc3 Rxe1+ 33. Qxe1
Kg8 34. c5 Kf7 35. d6 Qe6 36. Qc3 Qd5+ 37. Kh2 Nf3+ 38. Kg3 g5 39. Rb4 f4+ 40.
Kf2 Ne5 41. Rd4 Qxa2+ 42. Rd2 Qe6 43. Qd4 Nf3 44. Qd5 Nxd2 45. Qxd2 Qe3+ 0-1

[Event "Euskadi ch 2017"]
[Site "Zornotza"]
[Date "2017.04.17"]
[Round "1.3"]
[White "Axpe Balenciaga, Inigo"]
[Black "Trigo Urquijo, Sergio"]
[Result "1/2-1/2"]
[WhiteElo "2110"]
[BlackElo "2397"]
[PlyCount "65"]
[EventDate "2017.04.17"]
[EventType "swiss"]
[EventRounds "7"]
[EventCountry "ESP"]
[SourceTitle "Ajedrez en Madrid"]
[Source "lmi"]
[SourceDate "2017.04.17"]

1. d4 d6 2. c4 e5 3. dxe5 dxe5 4. Qxd8+ Kxd8 5. Nc3 Be6 6. e4 Nd7 7. f4 f6 8.
f5 Bf7 9. Be3 c6 10. O-O-O Kc7 11. Nf3 Ne7 12. Be2 Nc8 13. b3 Ncb6 14. g4 a5
15. Kc2 a4 16. Rb1 Bb4 17. Nd2 Rhd8 18. h4 axb3+ 19. axb3 Ra3 20. Ra1 Rxa1 21.
Rxa1 Bc5 22. Bxc5 Nxc5 23. Rg1 Na6 24. Na2 h6 25. g5 hxg5 26. hxg5 Kd6 27. gxf6
gxf6 28. Rg7 Rd7 29. Rh7 Na8 30. Rh6 Ke7 31. Rh7 Nb6 32. Bh5 Kf8 33. Bxf7
1/2-1/2

[Event "Euskadi ch 2017"]
[Site "Zornotza"]
[Date "2017.04.17"]
[Round "1.4"]
[White "Marchena Hurtado, Javier"]
[Black "Abalia Patino, Aritz"]
[Result "1-0"]
[WhiteElo "2352"]
[BlackElo "2032"]
[PlyCount "47"]
[EventDate "2017.04.17"]
[EventType "swiss"]
[EventRounds "7"]
[EventCountry "ESP"]
[SourceTitle "Ajedrez en Madrid"]
[Source "lmi"]
[SourceDate "2017.04.17"]

1. e4 c5 2. Nf3 e6 3. d4 cxd4 4. Nxd4 a6 5. Bd3 Bc5 6. Nb3 Be7 7. Qg4 g6 8. Qe2
d6 9. O-O h5 10. Nc3 Nf6 11. f4 Nc6 12. f5 Ne5 13. a4 Nfg4 14. fxe6 Bxe6 15.
Kh1 Bh4 16. Nd4 Nxh2 17. Kxh2 Ng4+ 18. Kg1 Bg3 19. Nd5 O-O 20. Bf4 Bxf4 21.
Rxf4 Qh4 22. Nf3 Qg3 23. Qe1 Qxe1+ 24. Rxe1 1-0

[Event "Euskadi ch 2017"]
[Site "Zornotza"]
[Date "2017.04.17"]
[Round "1.5"]
[White "Fernandez Zubitur, Jokin"]
[Black "Ortega Lopez, Mikel"]
[Result "1/2-1/2"]
[WhiteElo "2019"]
[BlackElo "2272"]
[PlyCount "39"]
[EventDate "2017.04.17"]
[EventType "swiss"]
[EventRounds "7"]
[EventCountry "ESP"]
[SourceTitle "Ajedrez en Madrid"]
[Source "lmi"]
[SourceDate "2017.04.17"]

1. e4 c5 2. b3 Nc6 3. Bb2 e5 4. Bb5 d6 5. Ne2 Nge7 6. O-O g6 7. f4 Bg7 8. d3
O-O 9. Bxc6 Nxc6 10. a4 f5 11. Nd2 d5 12. exd5 Qxd5 13. Nc4 e4 14. Bxg7 Kxg7
15. dxe4 Qxe4 16. Nc3 Qd4+ 17. Qxd4+ Nxd4 18. Rf2 Bd7 19. Rd1 Rad8 20. Rfd2
1/2-1/2

[Event "Euskadi ch 2017"]
[Site "Zornotza"]
[Date "2017.04.17"]
[Round "1.6"]
[White "Prieto Aranguren, Alain"]
[Black "Torres Garcia, Koldo"]
[Result "1-0"]
[WhiteElo "2224"]
[BlackElo "2004"]
[PlyCount "111"]
[EventDate "2017.04.17"]
[EventType "swiss"]
[EventRounds "7"]
[EventCountry "ESP"]
[SourceTitle "Ajedrez en Madrid"]
[Source "lmi"]
[SourceDate "2017.04.17"]

1. d4 Nf6 2. c4 c5 3. d5 b5 4. cxb5 a6 5. b6 Qxb6 6. Nc3 g6 7. e4 d6 8. Nf3 Bg7
9. Nd2 O-O 10. Nc4 Qc7 11. a4 Bb7 12. Bf4 Nh5 13. Be3 Nd7 14. Be2 Nhf6 15. a5
Ne8 16. O-O e6 17. dxe6 fxe6 18. Bg4 Bxc3 19. Bxe6+ Kg7 20. bxc3 Bxe4 21. Bxd7
Qxd7 22. Nb6 Qe6 23. Nxa8 Bxa8 24. Qe2 Qe5 25. Qd2 Rf5 26. Rae1 Qf6 27. Bxc5
dxc5 28. Qd7+ Kh6 29. Qxe8 Bxg2 30. Qe3+ Qg5 31. Qxg5+ Rxg5 32. h4 Rg4 33. f3
Bxf3+ 34. Kh2 Be4 35. Rf6 Kh5 36. Re6 Rxh4+ 37. Kg3 Rg4+ 38. Kf2 Bf5 39. Rxa6
Rf4+ 40. Ke3 Rh4 41. Ra1 Rh3+ 42. Kf4 Bd3 43. Rc6 g5+ 44. Ke5 c4 45. a6 Re3+
46. Kf6 Re8 47. a7 Ra8 48. Rb6 Kh4 49. Ra4 g4 50. Rb8 Be4 51. Rxa8 Bxa8 52.
Rxc4 Kh3 53. Rc8 Bf3 54. a8=Q Bxa8 55. Rxa8 h5 56. Kg5 1-0

[Event "Euskadi ch 2017"]
[Site "Zornotza"]
[Date "2017.04.17"]
[Round "1.7"]
[White "Hernandez Perez, Jesus"]
[Black "Perez Pacheco, Ricardo"]
[Result "0-1"]
[WhiteElo "1994"]
[BlackElo "2177"]
[PlyCount "252"]
[EventDate "2017.04.17"]
[EventType "swiss"]
[EventRounds "7"]
[EventCountry "ESP"]
[SourceTitle "Ajedrez en Madrid"]
[Source "lmi"]
[SourceDate "2017.04.17"]

1. d4 d5 2. Nf3 c6 3. Bf4 Qb6 4. b3 Bf5 5. e3 e6 6. Bd3 Bxd3 7. Qxd3 Nf6 8. O-O
Nbd7 9. Nbd2 a5 10. c4 Qa6 11. Ne5 Nxe5 12. Bxe5 Nd7 13. Nf3 Nxe5 14. Nxe5 Bd6
15. f4 f6 16. Nf3 O-O 17. Qc2 b5 18. c5 Bc7 19. Rae1 b4 20. Re2 a4 21. Rb1 Qb5
22. Ne1 e5 23. g3 e4 24. Qd1 Ra5 25. Reb2 Rfa8 26. Qd2 a3 27. Rc2 Rf8 28. Qe2
Qxe2 29. Rxe2 g5 30. Nc2 Rb5 31. Rf1 h6 32. Ref2 Kg7 33. Kg2 Rbb8 34. f5 Rh8
35. Rh1 Kf7 36. Rff1 Rhg8 37. h3 Rb5 38. Kf2 Rgb8 39. Kg2 h5 40. Ne1 Bd8 41.
Rf2 Ra8 42. Rhf1 Raa5 43. Rc2 Be7 44. Rff2 Bf8 45. Rc1 Ra8 46. g4 Be7 47. Kf1
Rh8 48. Rg2 Rbb8 49. Nc2 Bd8 50. Ke2 Bc7 51. Kd2 Ke7 52. Ke2 Kd7 53. Rf1 Rb7
54. Rc1 Kc8 55. Rf1 Kb8 56. Rc1 Ka7 57. Rf1 Bb8 58. Rc1 Ka6 59. Rf1 Kb5 60. Kd2
Rbh7 61. Rc1 Ba7 62. Rf1 Bb8 63. Ne1 Bc7 64. Ke2 Bb8 65. Kf2 Ka5 66. Ke2 Kb5
67. Kf2 Ba7 68. Nc2 Rh6 69. Ke2 R8h7 70. Kf2 Bb8 71. Ne1 Rh8 72. Ke2 hxg4 73.
hxg4 Rh3 74. Rfg1 R8h4 75. Kf2 Bh2 76. Rf1 Bb8 77. Rfg1 Bc7 78. Rf1 Bh2 79. Nc2
Rf3+ 80. Ke2 Rfh3 81. Kf2 Ka5 82. Ne1 Bb8 83. Rfg1 Kb5 84. Rf1 Bh2 85. Nc2 Ka5
86. Ne1 Ka6 87. Nc2 Kb5 88. Ne1 Ka5 89. Nc2 Kb5 90. Ne1 Bb8 91. Rfg1 Bc7 92.
Rf1 Ka5 93. Rfg1 Bh2 94. Rf1 Kb5 95. Nc2 Bb8 96. Ne1 Bc7 97. Rfg1 Bb8 98. Rf1
Ba7 99. Nc2 Rf3+ 100. Ke2 Rhh3 101. Rc1 Bb8 102. Rcg1 Bg3 103. Rf1 Bh4 104.
Rfg1 Ka5 105. Rf1 Kb5 106. Rfg1 Bg3 107. Rf1 Bh4 108. Rfg1 Ka5 109. Rf1 Rfg3
110. Rfg1 Rxg2+ 111. Rxg2 Rh1 112. Kd2 Kb5 113. Re2 Bg3 114. Ne1 Rh4 115. Rg2
Bxe1+ 116. Kxe1 Rh1+ 117. Kf2 Ra1 118. Kg3 Rb1 119. Kh3 Re1 120. Rg3 Re2 121.
Rg2 Rxe3+ 122. Kh2 Rd3 123. Kg1 Rxd4 124. Kf1 Rd1+ 125. Ke2 Rh1 126. Ke3 Kxc5
0-1

[Event "Euskadi ch 2017"]
[Site "Zornotza"]
[Date "2017.04.17"]
[Round "1.8"]
[White "Olaizola Ortega, Luis"]
[Black "Sanchez Ruesga, Carlos"]
[Result "1-0"]
[WhiteElo "2163"]
[BlackElo "1948"]
[PlyCount "79"]
[EventDate "2017.04.17"]
[EventType "swiss"]
[EventRounds "7"]
[EventCountry "ESP"]
[SourceTitle "Ajedrez en Madrid"]
[Source "lmi"]
[SourceDate "2017.04.17"]

1. Nf3 d5 2. d4 Nf6 3. c4 c6 4. Nc3 g6 5. Bf4 Bg7 6. e3 O-O 7. h3 Re8 8. Be2
dxc4 9. Bxc4 Nd5 10. Bg3 Nb6 11. Bb3 e6 12. O-O N8d7 13. Rc1 Qe7 14. Ne4 Nf6
15. Bh4 Nbd7 16. Ne5 Qf8 17. Nxf6+ Nxf6 18. f4 Ne4 19. Bc2 Nd6 20. Bf2 f6 21.
Nf3 f5 22. Ne5 Rd8 23. Bd3 Bf6 24. Be1 Nf7 25. b4 Qd6 26. Be2 Qe7 27. Qb3 Nxe5
28. dxe5 Bg7 29. Bc4 Rf8 30. Bc3 Bd7 31. Rfd1 b5 32. Rxd7 bxc4 33. Rxe7 cxb3
34. Rxe6 bxa2 35. Rxc6 Rac8 36. b5 Rb8 37. Ra1 Rxb5 38. Rxa2 Rd5 39. Raa6 Rd1+
40. Kf2 1-0

[Event "Euskadi ch 2017"]
[Site "Zornotza"]
[Date "2017.04.17"]
[Round "1.9"]
[White "Gomez Fernandez, Fulgencio"]
[Black "Diez Fraile, David"]
[Result "0-1"]
[WhiteElo "1874"]
[BlackElo "2149"]
[PlyCount "69"]
[EventDate "2017.04.17"]
[EventType "swiss"]
[EventRounds "7"]
[EventCountry "ESP"]
[SourceTitle "Ajedrez en Madrid"]
[Source "lmi"]
[SourceDate "2017.04.17"]

1. e4 c6 2. d4 d5 3. exd5 cxd5 4. Bf4 Nc6 5. Nf3 Nf6 6. Nbd2 Bg4 7. h3 Bxf3 8.
Nxf3 e6 9. c3 Bd6 10. Bxd6 Qxd6 11. Bd3 O-O 12. O-O Rab8 13. Re1 b5 14. Ne5 b4
15. Qc2 g6 16. Re3 bxc3 17. bxc3 Nd7 18. Nxg6 fxg6 19. Bxg6 Nf6 20. Bxh7+ Nxh7
21. Qg6+ Kh8 22. Rxe6 Qf4 23. Rae1 Qxf2+ 24. Kh1 Rb7 25. Re8 Rg7 26. Rxf8+ Nxf8
27. Qh5+ Rh7 28. Qe8 Rh6 29. Re2 Qf1+ 30. Kh2 Rg6 31. a3 Kg7 32. h4 Qf7 33. Qe3
Nd7 34. Rf2 Nf6 35. h5 0-1

[Event "Euskadi ch 2017"]
[Site "Zornotza"]
[Date "2017.04.17"]
[Round "1.10"]
[White "Ortin Blanco, Inigo"]
[Black "Fernandez De Pinedo Orive, Jose"]
[Result "1/2-1/2"]
[WhiteElo "2127"]
[BlackElo "1856"]
[PlyCount "108"]
[EventDate "2017.04.17"]
[EventType "swiss"]
[EventRounds "7"]
[EventCountry "ESP"]
[SourceTitle "Ajedrez en Madrid"]
[Source "lmi"]
[SourceDate "2017.04.17"]

1. d4 d5 2. c4 e6 3. Nf3 Nf6 4. g3 Be7 5. Bg2 O-O 6. O-O b6 7. Qc2 Bb7 8. Rd1
dxc4 9. Qxc4 Bd5 10. Qd3 Be4 11. Qd2 Nbd7 12. Nc3 Bb4 13. Qf4 Bb7 14. Ne5 Bxg2
15. Kxg2 Bxc3 16. Nc6 Nd5 17. Nxd8 Nxf4+ 18. gxf4 Bxb2 19. Bxb2 Rfxd8 20. Rac1
c5 21. Ba3 Rdc8 22. dxc5 Nxc5 23. Bxc5 bxc5 24. Rd7 h6 25. Kf3 a5 26. Rb7 a4
27. Rb5 c4 28. Rc3 a3 29. Rb4 Kf8 30. Rcxc4 Rxc4 31. Rxc4 Ke7 32. Rc7+ Kf6 33.
e3 Ra5 34. Rb7 g5 35. Rb4 Kg6 36. Rb6 Ra4 37. fxg5 hxg5 38. Rc6 Kf5 39. Rc5+ e5
40. Rc7 f6 41. Rc6 g4+ 42. Kg3 Kg5 43. Rc8 f5 44. Rg8+ Kf6 45. Rf8+ Kg5 46.
Rg8+ Kf6 47. Rf8+ Kg5 48. f4+ exf4+ 49. exf4+ Kg6 50. Re8 Rc4 51. Re5 Ra4 52.
Re6+ Kf7 53. Re5 Kf6 54. Re3 Kf7 1/2-1/2

[Event "Euskadi ch 2017"]
[Site "Zornotza"]
[Date "2017.04.17"]
[Round "1.11"]
[White "Laseca Arana, Irati"]
[Black "Buiza Prieto, Eihartze"]
[Result "1/2-1/2"]
[WhiteElo "1823"]
[BlackElo "2120"]
[PlyCount "103"]
[EventDate "2017.04.17"]
[EventType "swiss"]
[EventRounds "7"]
[EventCountry "ESP"]
[SourceTitle "Ajedrez en Madrid"]
[Source "lmi"]
[SourceDate "2017.04.17"]

1. b3 e5 2. Bb2 Nc6 3. Nf3 d6 4. c4 Nf6 5. Nc3 g6 6. g3 Bg7 7. Bg2 O-O 8. O-O
Re8 9. d3 Bd7 10. Nd2 Qc8 11. a3 a5 12. Rc1 Bh3 13. Nde4 Nxe4 14. dxe4 Bxg2 15.
Kxg2 Qd8 16. Nd5 Nd4 17. e3 Ne6 18. b4 c6 19. Nc3 Bf8 20. Qb3 Qd7 21. h4 Reb8
22. Rfd1 Qc7 23. Rd2 axb4 24. axb4 Qb6 25. Na4 Nc5 26. Nxc5 dxc5 27. b5 Re8 28.
Rd7 Re6 29. Rcd1 cxb5 30. cxb5 Ra5 31. Bxe5 Rxb5 32. Qc3 Rb3 33. Qa1 Qa6 34.
Rd8 Qxa1 35. Bxa1 Rbb6 36. Rb8 Red6 37. Rxd6 Rxd6 38. Rxb7 Rc6 39. Rb8 f6 40.
Kf3 Kf7 41. Rb7+ Be7 42. e5 fxe5 43. Bxe5 Ke6 44. Ke4 h5 45. Bc3 Ra6 46. Kd3
Bf8 47. Kc4 Ra4+ 48. Kb3 Ra6 49. Kc4 Ra4+ 50. Kb5 Ra3 51. Kc4 Ra4+ 52. Kb3
1/2-1/2

[Event "Euskadi ch 2017"]
[Site "Zornotza"]
[Date "2017.04.18"]
[Round "2.2"]
[White "Perez Pacheco, Ricardo"]
[Black "Marchena Hurtado, Javier"]
[Result "1-0"]
[WhiteElo "2177"]
[BlackElo "2352"]
[PlyCount "145"]
[EventDate "2017.04.17"]
[EventType "swiss"]
[EventRounds "7"]
[EventCountry "ESP"]
[SourceTitle "Ajedrez en Madrid"]
[Source "lmi"]
[SourceDate "2017.04.17"]

1. c4 Nf6 2. d4 g6 3. Nc3 Bg7 4. e4 d6 5. h3 O-O 6. Be3 e5 7. d5 a5 8. Bd3 Na6
9. Nge2 c6 10. Qd2 Bd7 11. O-O Nc5 12. Bc2 cxd5 13. cxd5 b5 14. f3 b4 15. Nd1
Bb5 16. Nf2 Nfd7 17. Bd3 Qb8 18. Nc1 Rc8 19. Bxb5 Qxb5 20. Ncd3 Rc7 21. Rac1
Rac8 22. b3 Bf6 23. Bxc5 Nxc5 24. Nb2 h5 25. Rc4 Kh7 26. Rfc1 Bg7 27. g4 hxg4
28. hxg4 Bf6 29. Kg2 Kg7 30. Rh1 Rh8 31. Rcc1 Rcc8 32. Nc4 Be7 33. Nd3 Nxd3 34.
Qxd3 Bg5 35. Rxh8 Rxh8 36. Rh1 Rc8 37. Rf1 Qc5 38. Qe2 Qc7 39. Qe1 Qd8 40. Rh1
Rc5 41. Qg3 a4 42. Qh3 Kf6 43. Qh8+ Qxh8 44. Rxh8 Rc7 45. Rb8 axb3 46. axb3 Ra7
47. Rxb4 Ra2+ 48. Kg1 Bh4 49. Rb7 Rf2 50. Nxd6 Kg5 51. Rxf7 Rb2 52. Nc4 Rxb3
53. Nxe5 Bg3 54. Nc4 Rc3 55. Kg2 Bf4 56. Na5 Rc2+ 57. Kf1 Rc1+ 58. Ke2 Rc2+ 59.
Kd3 Rf2 60. Kc4 Rxf3 61. d6 Re3 62. d7 Bc7 63. Nb7 Rxe4+ 64. Kd5 Re1 65. Nc5
Kxg4 66. Rg7 Kf5 67. Rf7+ Kg4 68. Rg7 Kf5 69. Kc6 Ba5 70. Rg8 g5 71. Ra8 Rd1
72. Rxa5 g4 73. Nd3+ 1-0

[Event "Euskadi ch 2017"]
[Site "Zornotza"]
[Date "2017.04.18"]
[Round "2.3"]
[White "Diez Fraile, David"]
[Black "Prieto Aranguren, Alain"]
[Result "0-1"]
[WhiteElo "2149"]
[BlackElo "2224"]
[PlyCount "112"]
[EventDate "2017.04.17"]
[EventType "swiss"]
[EventRounds "7"]
[EventCountry "ESP"]
[SourceTitle "Ajedrez en Madrid"]
[Source "lmi"]
[SourceDate "2017.04.17"]

1. d4 Nf6 2. Nc3 c5 3. d5 d6 4. e4 g6 5. Be2 Bg7 6. Nf3 O-O 7. O-O Nbd7 8. h3
Rb8 9. a4 b6 10. Re1 a6 11. Bf1 Ne8 12. Bf4 Ne5 13. Rb1 Qc7 14. Re3 Nxf3+ 15.
Qxf3 e5 16. dxe6 fxe6 17. Qg3 Bd4 18. Rf3 Bb7 19. Bc4 Qd7 20. Re1 Rd8 21. Bg5
Rxf3 22. gxf3 Bf6 23. f4 Qe7 24. h4 Bxg5 25. Qxg5 Qxg5+ 26. hxg5 Nc7 27. Kh2
Bc6 28. b3 b5 29. axb5 axb5 30. Bd3 b4 31. Ne2 Ra8 32. Kg3 Bb5 33. Rd1 Ra2 34.
Kf3 Bxd3 35. Rxd3 Nb5 36. Rd2 Kf7 37. Ke3 Ra1 38. Kd3 Ke7 39. Kc4 Na3+ 40. Kd3
Rh1 41. Ng3 Rh4 42. Ke3 c4 43. f5 c3 44. f6+ Kd7 45. f7 Ke7 46. Rxd6 Kxf7 47.
e5 Nxc2+ 48. Kd3 Na1 49. Ne4 Nxb3 50. Rd7+ Kf8 51. Rc7 Nc1+ 52. Ke3 Ke8 53. Rc4
Rh3+ 54. f3 Nb3 55. Nxc3 bxc3 56. Rxc3 Na5 0-1

[Event "Euskadi ch 2017"]
[Site "Zornotza"]
[Date "2017.04.18"]
[Round "2.4"]
[White "Perez Fernandez, Modesto"]
[Black "Ortin Blanco, Inigo"]
[Result "1/2-1/2"]
[WhiteElo "2114"]
[BlackElo "2127"]
[PlyCount "86"]
[EventDate "2017.04.17"]
[EventType "swiss"]
[EventRounds "7"]
[EventCountry "ESP"]
[SourceTitle "Ajedrez en Madrid"]
[Source "lmi"]
[SourceDate "2017.04.17"]

1. e4 c5 2. Nf3 d6 3. d4 cxd4 4. Nxd4 Nf6 5. Nc3 Nc6 6. Bg5 e6 7. Qd2 Be7 8.
O-O-O Nxd4 9. Qxd4 a6 10. f4 b5 11. e5 dxe5 12. Qxd8+ Bxd8 13. fxe5 Nd7 14.
Bxd8 Kxd8 15. Be2 Bb7 16. Bf3 Bxf3 17. gxf3 Ke7 18. f4 Nb6 19. Rhg1 g6 20. Rd4
Rhc8 21. Ne4 Nd5 22. Nd6 Rc5 23. Kb1 Ra7 24. c3 Rac7 25. a3 Ne3 26. Re1 Nd5 27.
Red1 a5 28. R1d3 Kf8 29. Rh3 h5 30. Rhd3 Ke7 31. Ka1 b4 32. axb4 Nxb4 33. Rd1
Rd5 34. Kb1 Rxd4 35. Rxd4 Nd5 36. Ka1 Ne3 37. Ka2 Nd5 38. Ra4 Rc5 39. Nb7 Rb5
40. Nd6 Rc5 41. Nb7 Rb5 42. Nd6 Rc5 43. Nb7 Rb5 1/2-1/2

[Event "Euskadi ch 2017"]
[Site "Zornotza"]
[Date "2017.04.18"]
[Round "2.5"]
[White "Trigo Urquijo, Sergio"]
[Black "Fernandez Zubitur, Jokin"]
[Result "1-0"]
[WhiteElo "2397"]
[BlackElo "2019"]
[PlyCount "77"]
[EventDate "2017.04.17"]
[EventType "swiss"]
[EventRounds "7"]
[EventCountry "ESP"]
[SourceTitle "Ajedrez en Madrid"]
[Source "lmi"]
[SourceDate "2017.04.17"]

1. e4 d6 2. d4 Nf6 3. Nc3 e5 4. Nf3 Nbd7 5. Bc4 Be7 6. O-O O-O 7. Re1 a6 8. a4
h6 9. h3 exd4 10. Nxd4 Re8 11. b3 Bf8 12. Bb2 Ne5 13. Bf1 Ng6 14. Qd2 d5 15.
exd5 Rxe1 16. Rxe1 Nxd5 17. Nxd5 Qxd5 18. Bc4 Qd7 19. Qd3 Ne7 20. Qf3 Ng6 21.
Qe4 Qe7 22. h4 Qxe4 23. Rxe4 c5 24. h5 Ne7 25. Nf3 b5 26. axb5 axb5 27. Bxb5
Ra2 28. Be5 Bf5 29. Re1 Rxc2 30. Bc4 Nc6 31. Bg3 g6 32. hxg6 Bxg6 33. Re8 Kg7
34. Rc8 Be4 35. Ne5 Nd4 36. Nd7 Bf5 37. Rxf8 Ne2+ 38. Bxe2 Bxd7 39. Rd8 1-0

[Event "Euskadi ch 2017"]
[Site "Zornotza"]
[Date "2017.04.18"]
[Round "2.6"]
[White "Ortega Lopez, Mikel"]
[Black "Laseca Arana, Irati"]
[Result "1-0"]
[WhiteElo "2272"]
[BlackElo "1823"]
[PlyCount "77"]
[EventDate "2017.04.17"]
[EventType "swiss"]
[EventRounds "7"]
[EventCountry "ESP"]
[SourceTitle "Ajedrez en Madrid"]
[Source "lmi"]
[SourceDate "2017.04.17"]

1. e4 c5 2. Nf3 e6 3. d4 cxd4 4. Nxd4 Nf6 5. Nc3 Nc6 6. Ndb5 d6 7. Bf4 e5 8.
Bg5 a6 9. Na3 Be6 10. Nc4 Be7 11. Bxf6 Bxf6 12. Nxd6+ Kf8 13. Bc4 Qe7 14. Nf5
Bxf5 15. exf5 Rd8 16. Qh5 Nd4 17. O-O g6 18. Qh3 Nxc2 19. Nd5 Qd6 20. Rad1 Nd4
21. Ne3 Kg7 22. Qg4 Qc5 23. Rc1 Qb6 24. h4 h5 25. Qg3 Rc8 26. Kh1 Qd8 27. Bxf7
Kxf7 28. Qxg6+ Ke7 29. Rxc8 Qxc8 30. Nd5+ Kd6 31. Nxf6 Qxf5 32. Ne4+ Kd5 33.
Nc3+ Kc5 34. Qg7 Rh7 35. Qg3 Rf7 36. Re1 Kd6 37. Ne4+ Kd5 38. Qa3 Rc7 39. Qd6+
1-0

[Event "Euskadi ch 2017"]
[Site "Zornotza"]
[Date "2017.04.18"]
[Round "2.7"]
[White "Buiza Prieto, Eihartze"]
[Black "Axpe Balenciaga, Inigo"]
[Result "1-0"]
[WhiteElo "2120"]
[BlackElo "2110"]
[PlyCount "115"]
[EventDate "2017.04.17"]
[EventType "swiss"]
[EventRounds "7"]
[EventCountry "ESP"]
[SourceTitle "Ajedrez en Madrid"]
[Source "lmi"]
[SourceDate "2017.04.17"]

1. c4 e5 2. g3 Nc6 3. Bg2 Nf6 4. Nc3 Be7 5. d3 O-O 6. e3 d6 7. Nge2 Be6 8. Nd5
Qd7 9. Nec3 Nd8 10. O-O c6 11. Nxe7+ Qxe7 12. e4 Bg4 13. f3 Bc8 14. Be3 a6 15.
a4 Be6 16. f4 exf4 17. Bxf4 Nd7 18. Kh1 Ne5 19. b3 Bg4 20. Qd2 Ne6 21. d4 Ng6
22. Be3 Nc7 23. Rae1 Qd7 24. b4 Bh3 25. Bxh3 Qxh3 26. c5 d5 27. exd5 Nxd5 28.
Nxd5 cxd5 29. Qd3 Qd7 30. b5 axb5 31. Qxb5 Qg4 32. Qxb7 Qe4+ 33. Kg1 Rxa4 34.
Qd7 Ra3 35. Bf2 Qf3 36. c6 Rc3 37. c7 Qd3 38. Rc1 Qc4 39. Rxc3 Qxc3 40. Rb1 Qc2
41. Rb8 Qd1+ 42. Kg2 Qe2 43. c8=Q Qe4+ 44. Kg1 h5 45. Qcc7 Qf3 46. Rxf8+ Nxf8
47. Qh3 Ne6 48. Qb8+ Kh7 49. Qb1+ g6 50. Qg2 Qf6 51. Qxd5 Ng5 52. Kg2 h4 53.
gxh4 Ne6 54. Qh5+ Kg8 55. Qb8+ Nf8 56. Qc5 Qg7 57. Be1 Qf6 58. Qbxf8+ 1-0

[Event "Euskadi ch 2017"]
[Site "Zornotza"]
[Date "2017.04.18"]
[Round "2.8"]
[White "Fernandez De Pinedo Orive, Jose"]
[Black "Huerga Leache, Mikel"]
[Result "0-1"]
[WhiteElo "1856"]
[BlackElo "2449"]
[PlyCount "78"]
[EventDate "2017.04.17"]
[EventType "swiss"]
[EventRounds "7"]
[EventCountry "ESP"]
[SourceTitle "Ajedrez en Madrid"]
[Source "lmi"]
[SourceDate "2017.04.17"]

1. e4 c5 2. Nf3 Nc6 3. d4 cxd4 4. Nxd4 e5 5. Nb5 a6 6. Nd6+ Bxd6 7. Qxd6 Qf6 8.
Qd1 Qg6 9. Nc3 Nge7 10. Be3 d5 11. Bc5 d4 12. Nb1 Qxe4+ 13. Qe2 Bf5 14. Qxe4
Bxe4 15. Na3 b5 16. f3 Bg6 17. Bd3 Nd5 18. Bxg6 hxg6 19. Kf2 f6 20. c3 dxc3 21.
bxc3 Rc8 22. h3 Nce7 23. Bxe7 Kxe7 24. Nb1 Nxc3 25. Nd2 a5 26. Rhe1 Rhd8 27.
Nf1 Nd5 28. g3 Rc2+ 29. Re2 Rdc8 30. Rae1 Nb4 31. Kg1 Rxe2 32. Rxe2 Rc2 33.
Rxc2 Nxc2 34. Nd2 Nb4 35. a3 Nc2 36. Nb1 Kd6 37. Kf2 Kc5 38. Ke2 Nd4+ 39. Ke3
Nf5+ 0-1

[Event "Euskadi ch 2017"]
[Site "Zornotza"]
[Date "2017.04.18"]
[Round "2.9"]
[White "Sanchez Ruesga, Carlos"]
[Black "Gonzalez Martinez, Miguel Ange"]
[Result "1-0"]
[WhiteElo "1948"]
[BlackElo "2115"]
[PlyCount "103"]
[EventDate "2017.04.17"]
[EventType "swiss"]
[EventRounds "7"]
[EventCountry "ESP"]
[SourceTitle "Ajedrez en Madrid"]
[Source "lmi"]
[SourceDate "2017.04.17"]

1. e4 e6 2. d4 d5 3. Bd3 Nf6 4. e5 Nfd7 5. f4 c5 6. c3 Nc6 7. Nf3 cxd4 8. cxd4
f6 9. O-O Qb6 10. Kh1 Nb4 11. Nc3 Nxd3 12. Qxd3 f5 13. Be3 Be7 14. Rfc1 O-O 15.
Nb5 Rb8 16. a4 a6 17. Nc7 Nc5 18. dxc5 Qxc7 19. b4 Bd7 20. b5 axb5 21. axb5 Ra8
22. Rxa8 Rxa8 23. c6 bxc6 24. bxc6 Bc8 25. Nd4 Ra3 26. Qd2 Ra5 27. h3 h6 28.
Qc2 Kf7 29. Rb1 Ba6 30. Qb2 Bd3 31. Qb8 Ra7 32. Qxc7 Rxc7 33. Rb7 Bd8 34. Bd2
Rxb7 35. cxb7 Bc7 36. Ba5 Bb8 37. Nc6 Ba6 38. Nxb8 Bxb7 39. Nd7 d4 40. Kg1 g5
41. g3 gxf4 42. gxf4 Kg6 43. Kf2 Ba6 44. Bb6 d3 45. Ke1 Kh5 46. Bf2 Bb5 47. Nc5
Bc4 48. Kd2 Bd5 49. Kxd3 Bg2 50. Nxe6 Bxh3 51. Nc7 Kg6 52. e6 1-0

[Event "Euskadi ch 2017"]
[Site "Zornotza"]
[Date "2017.04.18"]
[Round "2.10"]
[White "Abalia Patino, Aritz"]
[Black "Hernandez Perez, Jesus"]
[Result "1/2-1/2"]
[WhiteElo "2032"]
[BlackElo "1994"]
[PlyCount "120"]
[EventDate "2017.04.17"]
[EventType "swiss"]
[EventRounds "7"]
[EventCountry "ESP"]
[SourceTitle "Ajedrez en Madrid"]
[Source "lmi"]
[SourceDate "2017.04.17"]

1. e4 e6 2. d4 d5 3. Bd3 dxe4 4. Bxe4 Nf6 5. Bf3 Bd6 6. Ne2 Nbd7 7. c4 c6 8.
Nbc3 O-O 9. O-O Re8 10. Bg5 Qc7 11. Ng3 Bf4 12. Bxf4 Qxf4 13. Nge4 Nxe4 14.
Nxe4 Qc7 15. Rc1 f5 16. Nc3 Nf6 17. Re1 Bd7 18. Qb3 Kh8 19. Re5 Rad8 20. Rce1
b6 21. g3 Qd6 22. d5 exd5 23. Rxe8+ Rxe8 24. Rxe8+ Bxe8 25. cxd5 cxd5 26. Bxd5
Nxd5 27. Qxd5 Qxd5 28. Nxd5 Bf7 29. Nc3 Kg8 30. f4 Kf8 31. Kf2 Ke7 32. Ke3 a6
33. b4 Kd6 34. Kd4 a5 35. a3 axb4 36. axb4 Be8 37. Nd5 b5 38. Ne3 Bd7 39. Nd5
Bc6 40. Nc3 Bd7 41. Ke3 Bc6 42. Kf2 Ke6 43. h3 h5 44. Ke3 Ke7 45. Kd4 Kd6 46.
Nd1 Bd7 47. Nf2 Be6 48. Nd3 Bd7 49. Ne5 Be8 50. Nf3 Bc6 51. Nh4 Bd7 52. Ng6 Bc6
53. Nf8 Be8 54. Nh7 Bc6 55. Ng5 Bd5 56. h4 Bg8 57. Nf3 Bf7 58. Ne5 Be8 59. Nd3
Bd7 60. Nc5 Bc8 1/2-1/2